000
00299nam a2200145Ia 4500
100
_a
Nance Barry
942
_c
BK
654
_a
Computer
245
_a
Client /Server LAN Programming
260
_b
QUE
_a
Indiana
_c
1995
082
_a
4.68
_b
PAN
300
_a
713
546
_a
ENGLISH
999
_c
28393
_d
28393